[Event "ROM-ch"]
[Site "Eforie Nord"]
[Date "2024.03.02"]
[Round "9"]
[White "Prisacaru, Stefan Emilian"]
[Black "Craciun, Sasha Matei"]
[Result "1-0"]
[WhiteElo "2289"]
[BlackElo "2080"]
[PlyCount "73"]
[EventDate "2024.02.24"]
[EventType "swiss"]
[EventRounds "9"]
[EventCountry "ROU"]
[SourceTitle "CB10_2024"]
[SourceDate "2024.03.06"]
[SourceVersion "1"]
[SourceVersionDate "2024.03.06"]
[SourceQuality "1"]

1. d4 d5 2. c4 e6 3. Nf3 Nf6 4. Nc3 Be7 5. cxd5 exd5 6. Bf4 c6 7. h3 Nbd7 8. e3 0-0 9. Bd3 Re8 10. 0-0 Nf8 11. Bh2 Ng6 12. Ne5 Nxe5 13. dxe5 Nd7 14. f4 Bc5 15. Rf3 d4 16. Ne4 dxe3 17. Qc2 Be7 18. Kh1 Qa5 19. Rxe3 Nf8 20. Rf1 Bf5 21. g4 Bxe4+ 22. Rxe4 Ne6 23. Ra4 Qd5+ 24. Be4 Qb5 25. Bxh7+ Kh8 26. Bd3 Qd5+ 27. Be4 Qb5 28. Bg2 Red8 29. Re4 Rd3 30. Rfe1 Rd7 31. f5 Ng5 32. e6 fxe6 33. fxe6 Rd5 34. Re5 Qd3 35. Qxd3 Rxd3 36. Rf1 Bf6 37. e7 1-0

[Event "ROM-ch"]
[Site "Eforie Nord"]
[Date "2024.02.25"]
[Round "2"]
[White "Costescu, Mihnea Constantin"]
[Black "Prisacaru, Stefan Emilian"]
[Result "0-1"]
[WhiteElo "1944"]
[BlackElo "2289"]
[PlyCount "66"]
[EventDate "2024.02.24"]
[EventType "swiss"]
[EventRounds "9"]
[EventCountry "ROU"]
[SourceTitle "CB10_2024"]
[SourceDate "2024.03.06"]
[SourceVersion "1"]
[SourceVersionDate "2024.03.06"]
[SourceQuality "1"]

1. d4 d5 2. c4 e6 3. Nf3 Nf6 4. Nc3 Nbd7 5. cxd5 exd5 6. Bf4 Bb4 7. Qb3 c5 8. dxc5 Qa5 9. Bd2 Nxc5 10. Qd1 Nce4 11. Nxe4 Nxe4 12. a3 Nxd2 13. Nxd2 Be7 14. e3 Bf6 15. Qb3 0-0 16. Bd3 Be6 17. Bc2 g6 18. Rb1 Rac8 19. Bd3 d4 20. Qb4 Qxb4 21. axb4 dxe3 22. fxe3 Bxb2 23. Ke2 Bc3 24. Ne4 Rfd8 25. h3 Ba2 26. Nxc3 Rxc3 27. Rbd1 Rdxd3 28. Rxd3 Bc4 29. Rhd1 f5 30. g4 Kf7 31. gxf5 gxf5 32. b5 Ke6 33. b6 axb6 0-1

[Event "Wch U18"]
[Site "Montesilvano"]
[Date "2023.11.21"]
[Round "8"]
[White "Prisacaru, Stefan Emilian"]
[Black "Baranciuc, Alexandr"]
[Result "1/2-1/2"]
[WhiteElo "2148"]
[BlackElo "2338"]
[PlyCount "96"]
[EventDate "2023.11.13"]
[EventType "swiss"]
[EventRounds "11"]
[EventCountry "ITA"]
[SourceTitle "CB48_2023"]
[SourceDate "2023.11.29"]
[SourceVersion "1"]
[SourceVersionDate "2023.11.29"]
[SourceQuality "1"]

1. e4 e5 2. Nf3 Nc6 3. Nc3 Nf6 4. Bb5 Bb4 5. Nd5 Bc5 6. 0-0 0-0 7. d4 Nxd5 8. dxc5 Nf6 9. Bxc6 dxc6 10. Qxd8 Rxd8 11. Re1 Re8 12. h3 Nd7 13. Be3 Nf8 14. a4 f6 15. Red1 Be6 16. Ne1 h5 17. f3 g5 18. g4 Kf7 19. Kf2 Ng6 20. Ng2 Rh8 21. Rh1 Rh7 22. h4 gxh4 23. Nxh4 hxg4 24. Nxg6 Kxg6 25. Rxh7 Kxh7 26. Rh1+ Kg6 27. Rg1 f5 28. exf5+ Bxf5 29. c3 Rf8 30. Ke2 Rh8 31. fxg4 Be4 32. Rf1 a5 33. b4 Bc2 34. Ra1 Rh2+ 35. Bf2 Kg5 36. bxa5 Kf4 37. Rg1 Rh3 38. g5 Bg6 39. Rc1 e4 40. Rf1 Bh5+ 41. Kd2 Rh2 42. Ke1 Kxg5 43. Be3+ Kh4 44. Rf2 Rh1+ 45. Rf1 Rh2 46. Rf2 Rh3 47. Rf4+ Kg3 48. Rxe4 Rh1+ 1/2-1/2

[Event "Wch U18"]
[Site "Montesilvano"]
[Date "2023.11.15"]
[Round "3"]
[White "Prisacaru, Stefan Emilian"]
[Black "Sahakyan, Aleks"]
[Result "0-1"]
[WhiteElo "2148"]
[BlackElo "2303"]
[PlyCount "112"]
[EventDate "2023.11.13"]
[EventType "swiss"]
[EventRounds "11"]
[EventCountry "ITA"]
[SourceTitle "CB48_2023"]
[SourceDate "2023.11.29"]
[SourceVersion "1"]
[SourceVersionDate "2023.11.29"]
[SourceQuality "1"]

1. d4 Nf6 2. c4 e6 3. Nf3 d5 4. Nc3 c6 5. e3 Nbd7 6. Be2 Bd6 7. b3 0-0 8. 0-0 b6 9. Bb2 Bb7 10. Bd3 Rc8 11. Rc1 Re8 12. Re1 c5 13. cxd5 exd5 14. Ne2 Ne4 15. Ng3 Ndf6 16. dxc5 bxc5 17. Rc2 Bf8 18. Qa1 Qb6 19. Rd1 a5 20. Bxe4 Nxe4 21. Ne5 Nxg3 22. hxg3 Qb5 23. Nd3 a4 24. bxa4 Qxa4 25. Rdc1 Qe4 26. Nf4 Rc6 27. Re2 Rh6 28. Qb1 g5 29. Qxe4 dxe4 30. Nh3 Rg6 31. Rd2 h6 32. Kf1 Ra8 33. a3 Ba6+ 34. Ke1 Bd3 35. f3 Bd6 36. Nf2 Bxg3 37. Rxc5 exf3 38. gxf3 Ba6 39. Be5 Bxe5 40. Rxe5 Bb7 41. e4 Rxa3 42. Rd8+ Kg7 43. Ree8 Ra1+ 44. Kd2 Ra2+ 45. Ke3 Rb6 46. Rg8+ Kh7 47. Ng4 Rb3+ 48. Kd4 Ra4+ 49. Ke5 Ra5+ 50. Kd6 Rxf3 51. Ke7 Bxe4 52. Nf6+ Rxf6 53. Kxf6 Ra6+ 54. Ke7 f5 55. Kf8 Ra7 56. Rb8 Bd5 0-1

[Event "Sebes GP op"]
[Site "Sebes"]
[Date "2023.11.05"]
[Round "8"]
[White "Istratescu, Andrei"]
[Black "Prisacaru, Stefan Emilian"]
[Result "1/2-1/2"]
[WhiteElo "2370"]
[BlackElo "2206"]
[PlyCount "86"]
[EventDate "2023.11.04"]
[EventType "swiss"]
[EventRounds "10"]
[EventCountry "ROU"]
[SourceTitle "CB46_2023"]
[SourceDate "2023.11.15"]
[SourceVersion "1"]
[SourceVersionDate "2023.11.15"]
[SourceQuality "1"]

1. e4 c6 2. d4 d5 3. Nc3 dxe4 4. Nxe4 Bf5 5. Nc5 b6 6. Nb3 Nf6 7. Nf3 e6 8. g3 Nbd7 9. Bg2 Rc8 10. 0-0 Be7 11. Qe2 0-0 12. Rd1 Qc7 13. c4 Rfd8 14. h3 h6 15. Bf4 Bd6 16. Bxd6 Qxd6 17. Ne5 Nb8 18. g4 Bh7 19. f4 Nfd7 20. Rd2 Qe7 21. Re1 Nxe5 22. fxe5 Nd7 23. Qe3 Qg5 24. Qxg5 hxg5 25. Kf2 Kf8 26. Rc1 c5 27. Rcd1 cxd4 28. Nxd4 Nc5 29. Ke3 a5 30. Nc6 Rxd2 31. Rxd2 Be4 32. Bxe4 Nxe4 33. Kxe4 Rxc6 34. b3 Ke7 35. Rd4 f6 36. a3 Rc5 37. exf6+ gxf6 38. b4 f5+ 39. Kf3 axb4 40. axb4 Rc7 41. gxf5 exf5 42. h4 gxh4 43. Rxh4 Ke6 1/2-1/2

[Event "Sebes GP op"]
[Site "Sebes"]
[Date "2023.11.04"]
[Round "3"]
[White "Prisacaru, Stefan Emilian"]
[Black "Lupulescu, Constantin"]
[Result "0-1"]
[WhiteElo "2206"]
[BlackElo "2581"]
[PlyCount "62"]
[EventDate "2023.11.04"]
[EventType "swiss"]
[EventRounds "10"]
[EventCountry "ROU"]
[SourceTitle "CB46_2023"]
[SourceDate "2023.11.15"]
[SourceVersion "1"]
[SourceVersionDate "2023.11.15"]
[SourceQuality "1"]

1. d4 Nf6 2. Nf3 d5 3. Bf4 c5 4. e3 Nc6 5. Nbd2 e6 6. c3 cxd4 7. exd4 Nh5 8. Be3 Bd6 9. Ne5 Nf6 10. f4 Qb6 11. Qb3 Ng8 12. Qxb6 axb6 13. Be2 f6 14. Nef3 Nh6 15. g3 Bd7 16. h3 Nf5 17. Bf2 0-0 18. g4 Nfe7 19. Be3 Ng6 20. f5 exf5 21. gxf5 Bxf5 22. Kf2 Nf4 23. Bxf4 Bxf4 24. a3 Rae8 25. Rae1 Re7 26. Bd1 Rxe1 27. Rxe1 Bxh3 28. Bb3 Rd8 29. Nf1 Kf7 30. Re4 g5 31. Ne3 Be6 0-1

[Event "Wch U20 Blitz"]
[Site "Pula"]
[Date "2023.10.15"]
[Round "8"]
[White "Prisacaru, Stefan Emilian"]
[Black "Alexakis, Dimitris"]
[Result "0-1"]
[WhiteElo "2206"]
[BlackElo "2458"]
[PlyCount "82"]
[EventDate "2023.10.14"]
[EventType "swiss (blitz)"]
[EventRounds "11"]
[EventCountry "ITA"]
[SourceTitle "Mega2024 Update 01"]
[Source "Chessbase"]
[SourceDate "2023.11.12"]
[SourceVersion "1"]
[SourceVersionDate "2023.11.12"]
[SourceQuality "1"]

1. d4 Nf6 2. Nf3 c5 3. c3 d5 4. e3 e6 5. Ne5 Nbd7 6. f4 Ne4 7. g3 Bd6 8. Nd2 Nxd2 9. Bxd2 0-0 10. Bd3 Nf6 11. Qf3 b6 12. 0-0 Bb7 13. Be1 Ne4 14. Qg2 a6 15. g4 f6 16. Nf3 b5 17. Bg3 b4 18. Bxe4 dxe4 19. Nd2 bxc3 20. bxc3 cxd4 21. cxd4 Bd5 22. Rfc1 Ba3 23. Rc2 Rc8 24. Nxe4 Kh8 25. Bh4 Qe8 26. Rxc8 Qxc8 27. g5 f5 28. g6 Bxe4 29. Qh3 Qe8 30. gxh7 Qg6+ 31. Kf2 Rc8 32. Re1 Rc2+ 33. Re2 Rxe2+ 34. Kxe2 Qg2+ 35. Qxg2 Bxg2 36. Bd8 Bd5 37. Kd2 Bxa2 38. Kd3 Bd5 39. Kc3 Kxh7 40. Kd2 Bb4+ 41. Ke2 a5 0-1

[Event "Wch U20 Blitz"]
[Site "Pula"]
[Date "2023.10.14"]
[Round "5"]
[White "Prisacaru, Stefan Emilian"]
[Black "Casadio, Niccolo"]
[Result "1-0"]
[WhiteElo "2206"]
[BlackElo "2082"]
[PlyCount "103"]
[EventDate "2023.10.14"]
[EventType "swiss (blitz)"]
[EventRounds "11"]
[EventCountry "ITA"]
[SourceTitle "Mega2024 Update 01"]
[Source "Chessbase"]
[SourceDate "2023.11.12"]
[SourceVersion "1"]
[SourceVersionDate "2023.11.12"]
[SourceQuality "1"]

1. d4 Nf6 2. c4 g6 3. Nc3 Bg7 4. e4 d6 5. Nf3 0-0 6. Be2 e5 7. Be3 Nc6 8. d5 Ne7 9. Nd2 Nd7 10. b4 a5 11. a3 f5 12. f3 Nf6 13. 0-0 f4 14. Bf2 g5 15. c5 Ng6 16. Nc4 g4 17. cxd6 cxd6 18. Nb5 Ne8 19. fxg4 Ra6 20. bxa5 Nf6 21. Nc3 Nh8 22. Rc1 Nf7 23. Nb6 Rxa5 24. Nxc8 Qxc8 25. h3 Qa8 26. a4 Ng5 27. Bb6 Nfxe4 28. Nxe4 Nxe4 29. Bxa5 Qxa5 30. Bb5 Qb6+ 31. Kh2 Ng3 32. Rf3 e4 33. Rfc3 Bxc3 34. Rxc3 e3 35. Qc2 Nf1+ 36. Bxf1 f3 37. Rc7 Rf7 38. Rxf7 Kxf7 39. Qxh7+ Kf6 40. Qf5+ Kg7 41. Qxf3 Qd4 42. g5 Qe5+ 43. g3 Qb2+ 44. Be2 Qd2 45. h4 b5 46. axb5 Kg6 47. Qf6+ Kh7 48. Qf3 Kg6 49. Kg2 Kg7 50. b6 Qb2 51. Qf6+ Kh7 52. Qxb2 1-0

[Event "Wch U20 Blitz"]
[Site "Pula"]
[Date "2023.10.14"]
[Round "3"]
[White "Prisacaru, Stefan Emilian"]
[Black "Sunder, Matteo"]
[Result "1/2-1/2"]
[WhiteElo "2206"]
[BlackElo "2002"]
[PlyCount "104"]
[EventDate "2023.10.14"]
[EventType "swiss (blitz)"]
[EventRounds "11"]
[EventCountry "ITA"]
[SourceTitle "Mega2024 Update 01"]
[Source "Chessbase"]
[SourceDate "2023.11.12"]
[SourceVersion "1"]
[SourceVersionDate "2023.11.12"]
[SourceQuality "1"]

1. d4 e6 2. Nf3 b6 3. Bf4 Bb7 4. e3 f5 5. h3 Nf6 6. Nbd2 Be7 7. c4 0-0 8. Bd3 Ne4 9. Qc2 Nxd2 10. Nxd2 d6 11. 0-0-0 Nd7 12. Rhg1 e5 13. Bh2 e4 14. Be2 c5 15. g4 cxd4 16. exd4 d5 17. gxf5 Rxf5 18. f3 Rf7 19. fxe4 Rf2 20. Nf3 dxe4 21. Ne5 Rxh2 22. Rg3 Nf6 23. c5 Rc8 24. Bc4+ Bd5 25. Qxh2 bxc5 26. Kb1 Bxc4 27. Nxc4 cxd4 28. Rc1 Qd5 29. b3 d3 30. Qb2 Ne8 31. Qe5 Qxe5 32. Nxe5 Rxc1+ 33. Kxc1 Bd6 34. Rg4 Nf6 35. Rg5 Bxe5 36. Rxe5 Kf7 37. Kd2 Kg6 38. Ra5 Nd7 39. Ke3 Nf6 40. Rxa7 Kf5 41. Ra5+ Ke6 42. a4 h6 43. Rb5 g5 44. a5 g4 45. hxg4 Nd5+ 46. Rxd5 Kxd5 47. a6 Kc6 48. b4 Kb6 49. b5 Ka7 50. Kd2 Kb6 51. Kc3 Ka7 52. Kd2 Kb6 1/2-1/2

[Event "Wch U20 Rapid"]
[Site "Pula"]
[Date "2023.10.11"]
[Round "7"]
[White "Prisacaru, Stefan Emilian"]
[Black "Bettalli, Francesco"]
[Result "1/2-1/2"]
[WhiteElo "2206"]
[BlackElo "2274"]
[PlyCount "163"]
[EventDate "2023.10.10"]
[EventType "swiss (rapid)"]
[EventRounds "11"]
[EventCountry "ITA"]
[SourceTitle "Mega2024 Update 01"]
[Source "Chessbase"]
[SourceDate "2023.11.12"]
[SourceVersion "1"]
[SourceVersionDate "2023.11.12"]
[SourceQuality "1"]

1. d4 Nf6 2. c4 c5 3. d5 a6 4. Nc3 b5 5. cxb5 axb5 6. Nxb5 d6 7. Nc3 g6 8. e4 Bg7 9. Nf3 Qa5 10. Nd2 Ba6 11. Bxa6 Qxa6 12. Qe2 0-0 13. Nc4 e6 14. 0-0 exd5 15. exd5 Re8 16. Qd3 Nbd7 17. Bd2 Ng4 18. Rae1 Bd4 19. Rxe8+ Rxe8 20. b3 Nb6 21. h3 Nf6 22. Ne2 Re4 23. Ng3 Re7 24. Ne2 Nbxd5 25. Nxd4 cxd4 26. Qxd4 Qxa2 27. Bg5 Re4 28. Qa1 Qxa1 29. Rxa1 Re6 30. Ra6 Ne8 31. Bh4 f5 32. Ra8 Kg7 33. Ra7+ Kh6 34. g4 g5 35. Bg3 f4 36. Bh2 Nec7 37. Kg2 Nb5 38. Ra6 Kg6 39. Bg1 f3+ 40. Kf1 Nf4 41. Bh2 Ng2 42. Ne3 Nxe3+ 43. fxe3 Rxe3 44. Rb6 Rxb3 45. Bxd6 Kf7 46. Bc5 Rb2 47. Bd4 Rb4 48. Bc5 Rb3 49. Kf2 Ke8 50. Be3 Kf7 51. Bxg5 Rb2+ 52. Kf1 Rb1+ 53. Kf2 Rb2+ 54. Kf1 Rb3 55. Kf2 Rb1 56. Rf6+ Kg7 57. Rxf3 Nd6 58. Re3 Rb2+ 59. Kf3 Nc4 60. Rc3 Ne5+ 61. Kg3 Nf7 62. Be3 Rb4 63. Bf4 Ra4 64. Rd3 Kg6 65. h4 h6 66. Rb3 Ra6 67. h5+ Kf6 68. Bc1 Rd6 69. Rf3+ Kg7 70. Bf4 Ra6 71. Re3 Rc6 72. Be5+ Nxe5 73. Rxe5 Rc7 74. Kf4 Rf7+ 75. Rf5 Ra7 76. Rd5 Rf7+ 77. Ke4 Re7+ 78. Re5 Ra7 79. Re6 Ra4+ 80. Kf5 Ra5+ 81. Re5 Ra7 82. Re6 1/2-1/2

[Event "EU-ch U18 rapid"]
[Site "Terme Catez"]
[Date "2023.09.28"]
[Round "5"]
[White "Morgunov, Marc"]
[Black "Prisacaru, Stefan Emilian"]
[Result "0-1"]
[WhiteElo "2355"]
[BlackElo "2057"]
[PlyCount "128"]
[EventDate "2023.09.28"]
[EventType "swiss (rapid)"]
[EventRounds "9"]
[EventCountry "SLO"]
[SourceTitle "EXT 2024"]
[Source "ChessBase"]
[SourceDate "2023.10.10"]
[SourceVersion "1"]
[SourceVersionDate "2023.10.10"]
[SourceQuality "1"]

1. e4 g6 2. d4 Bg7 3. Nc3 d6 4. Be3 a6 5. Qd2 b5 6. f3 Nd7 7. 0-0-0 Bb7 8. h4 h6 9. Nh3 Rc8 10. Kb1 c5 11. h5 g5 12. Ne2 Ngf6 13. Ng3 e6 14. d5 exd5 15. Nf5 Bf8 16. exd5 Bxd5 17. Re1 Be6 18. Nxd6+ Bxd6 19. Qxd6 Qa5 20. Bd3 Qxa2+ 21. Kc1 Qa1+ 22. Kd2 Qa5+ 23. c3 Qb6 24. Qxb6 Nxb6 25. f4 g4 26. f5 gxh3 27. fxe6 hxg2 28. exf7+ Kxf7 29. Rhg1 Nc4+ 30. Kc1 Ne5 31. Bg6+ Nxg6 32. hxg6+ Kxg6 33. Rxg2+ Kf7 34. Rf1 Rc6 35. Rgf2 Re8 36. Bxh6 Ree6 37. Bg5 c4 38. Bh4 Rcd6 39. Rf5 Rc6 40. Kb1 Kg6 41. Rg5+ Kf7 42. Ka2 Re4 43. Bg3 Ree6 44. Ka3 Ke8 45. Rg6 Kf7 46. Rg5 Ke8 47. Be5 Ne4 48. Rg8+ Kd7 49. Bd4 Rcd6 50. Kb4 Kc6 51. Rb8 Nd2 52. Rf5 Nb3 53. Rb6+ Kc7 54. Rf7+ Kc8 55. Rf8+ Kc7 56. Rf7+ Kc8 57. Rf8+ Kc7 58. Rbb8 Nxd4 59. Rfc8+ Kd7 60. Rd8+ Ke7 61. Re8+ Kf6 62. cxd4 Rxe8 63. Rxe8 Rxd4 64. Rh8 Rd2 0-1

[Event "Arad op 16th"]
[Site "Arad"]
[Date "2023.08.10"]
[Round "6"]
[White "Prisacaru, Stefan Emilian"]
[Black "Pijpers, Arthur"]
[Result "1/2-1/2"]
[WhiteElo "2257"]
[BlackElo "2442"]
[PlyCount "60"]
[EventDate "2023.08.07"]
[EventType "swiss"]
[EventRounds "9"]
[EventCountry "ROU"]
[SourceTitle "EXT 2024"]
[Source "ChessBase"]
[SourceDate "2023.10.10"]
[SourceVersion "1"]
[SourceVersionDate "2023.10.10"]
[SourceQuality "1"]

1. d4 Nf6 2. c4 g6 3. Nc3 Bg7 4. e4 d6 5. Nf3 0-0 6. Be2 e5 7. Be3 exd4 8. Nxd4 Re8 9. f3 c6 10. Bf2 d5 11. exd5 cxd5 12. 0-0 Nc6 13. c5 Nh5 14. Qd2 Be5 15. g3 Ng7 16. Rfd1 Bf5 17. Rac1 Bxd4 18. Bxd4 Ne6 19. Bf2 d4 20. Nb5 Qf6 21. Nd6 Ng5 22. Nxf5 Qxf5 23. Qd3 Qe6 24. f4 Nb4 25. Qd2 Nh3+ 26. Kg2 Qxe2 27. Kxh3 Nxa2 28. Ra1 Qf3 29. Qxd4 Re2 30. Rd2 Rxd2 1/2-1/2

[Event "Wch U18 blitz"]
[Site "Batumi"]
[Date "2023.06.11"]
[Round "11"]
[White "Prisacaru, Stefan Emilian"]
[Black "Qalichava, Akaki"]
[Result "1-0"]
[WhiteElo "1979"]
[BlackElo "2124"]
[PlyCount "63"]
[EventDate "2023.06.10"]
[EventType "swiss (blitz)"]
[EventRounds "11"]
[EventCountry "GEO"]
[SourceTitle "EXT 2024"]
[Source "ChessBase"]
[SourceDate "2023.10.10"]
[SourceVersion "1"]
[SourceVersionDate "2023.10.10"]
[SourceQuality "1"]
[WhiteTeam "Romania"]
[BlackTeam "Georgia"]
[WhiteTeamCountry "ROU"]
[BlackTeamCountry "GEO"]

1. d4 Nf6 2. Nf3 e6 3. e3 b6 4. Bd3 Bb7 5. Nbd2 c5 6. c3 d5 7. Ne5 a6 8. f4 Be7 9. Qf3 Nc6 10. 0-0 0-0 11. g4 Nd7 12. g5 cxd4 13. cxd4 Ncxe5 14. dxe5 Nc5 15. Bxh7+ Kxh7 16. Qh5+ Kg8 17. Rf3 g6 18. Qh6 Bxg5 19. fxg5 Ne4 20. Nxe4 dxe4 21. Rh3 Qd1+ 22. Kf2 Qf3+ 23. Rxf3 exf3 24. Bd2 Rac8 25. Bc3 b5 26. h4 b4 27. h5 Be4 28. Rh1 Rxc3 29. bxc3 Rd8 30. hxg6 Rd2+ 31. Kg3 Rg2+ 32. Kf4 1-0

[Event "Wch U18 blitz"]
[Site "Batumi"]
[Date "2023.06.10"]
[Round "1"]
[White "Grebnev, Aleksey"]
[Black "Prisacaru, Stefan Emilian"]
[Result "1-0"]
[WhiteElo "2419"]
[BlackElo "1979"]
[PlyCount "103"]
[EventDate "2023.06.10"]
[EventType "swiss (blitz)"]
[EventRounds "11"]
[EventCountry "GEO"]
[SourceTitle "EXT 2024"]
[Source "ChessBase"]
[SourceDate "2023.10.10"]
[SourceVersion "1"]
[SourceVersionDate "2023.10.10"]
[SourceQuality "1"]
[WhiteTeam "Russia"]
[BlackTeam "Romania"]
[WhiteTeamCountry "RUS"]
[BlackTeamCountry "ROU"]

1. d4 d5 2. c4 c6 3. Nc3 Nf6 4. Nf3 e6 5. e3 Nbd7 6. Be2 Bd6 7. 0-0 0-0 8. b3 Ne4 9. Qc2 f5 10. a4 Rf6 11. a5 Rh6 12. g3 a6 13. Bb2 Qf6 14. Rfd1 g5 15. Nxe4 fxe4 16. Ne5 Nxe5 17. dxe5 Bxe5 18. Bxe5 Qxe5 19. Bg4 Bd7 20. Qd2 Rf8 21. Ra2 Rhf6 22. Qb4 Qc7 23. Rc2 e5 24. Bxd7 Qxd7 25. cxd5 cxd5 26. Qxe4 Rc6 27. Rxc6 bxc6 28. Qxe5 Qg4 29. Rd4 Qh5 30. Rd2 Qg6 31. Qb2 g4 32. Rd4 Qg7 33. Qc2 Rf6 34. Qe2 h5 35. Qxa6 Qf7 36. Rd2 Qg6 37. Qd3 Qg7 38. Qd4 Qf7 39. b4 Rf3 40. Qe5 Qg6 41. Qb2 Qe4 42. a6 Qc4 43. Qa1 Rf8 44. Rd4 Qe2 45. Rf4 Ra8 46. a7 Qd3 47. Qa5 Qd1+ 48. Kg2 d4 49. Qg5+ Kh8 50. Qxh5+ Kg8 51. Rxg4+ Kf8 52. Rf4+ 1-0

[Event "Wch U18 blitz"]
[Site "Batumi"]
[Date "2023.06.10"]
[Round "4"]
[White "Prisacaru, Stefan Emilian"]
[Black "Mierins, Emils Janis"]
[Result "1-0"]
[WhiteElo "1979"]
[BlackElo "2049"]
[PlyCount "83"]
[EventDate "2023.06.10"]
[EventType "swiss (blitz)"]
[EventRounds "11"]
[EventCountry "GEO"]
[SourceTitle "EXT 2024"]
[Source "ChessBase"]
[SourceDate "2023.10.10"]
[SourceVersion "1"]
[SourceVersionDate "2023.10.10"]
[SourceQuality "1"]
[WhiteTeam "Romania"]
[BlackTeam "Latvia"]
[WhiteTeamCountry "ROU"]
[BlackTeamCountry "LAT"]

1. d4 Nf6 2. Bf4 c5 3. e3 Qb6 4. Nc3 d6 5. a3 g6 6. Nf3 Bg7 7. h3 0-0 8. Bc4 Nbd7 9. 0-0 a6 10. Bh2 Qc7 11. a4 b6 12. Nd5 Nxd5 13. Bxd5 Bb7 14. Bxb7 Qxb7 15. c3 Nf6 16. Qe2 Rac8 17. Rfc1 Rc7 18. b4 cxb4 19. cxb4 Rfc8 20. Qb2 Nd5 21. b5 a5 22. Bg3 Nb4 23. Ne1 Rc4 24. Rxc4 Rxc4 25. Qe2 Qc7 26. Kh2 h5 27. Nd3 Rc2 28. Qd1 Nd5 29. Rc1 Rxc1 30. Nxc1 Qc4 31. Ne2 Nb4 32. Nf4 Nc2 33. Qf3 Qxa4 34. Qc6 Qb3 35. Qxb6 a4 36. Qa6 a3 37. b6 a2 38. Qa8+ Kh7 39. b7 a1Q 40. b8Q Qxb8 41. Qxb8 Qa7 42. Qxa7 1-0

[Event "Wch U18 blitz"]
[Site "Batumi"]
[Date "2023.06.10"]
[Round "6"]
[White "Prisacaru, Stefan Emilian"]
[Black "Rostomyan, Mikayel"]
[Result "0-1"]
[WhiteElo "1979"]
[BlackElo "2061"]
[PlyCount "98"]
[EventDate "2023.06.10"]
[EventType "swiss (blitz)"]
[EventRounds "11"]
[EventCountry "GEO"]
[SourceTitle "EXT 2024"]
[Source "ChessBase"]
[SourceDate "2023.10.10"]
[SourceVersion "1"]
[SourceVersionDate "2023.10.10"]
[SourceQuality "1"]
[WhiteTeam "Romania"]
[BlackTeam "Armenia"]
[WhiteTeamCountry "ROU"]
[BlackTeamCountry "ARM"]

1. d4 Nf6 2. Bf4 c5 3. e3 e6 4. c3 b6 5. Nf3 Bb7 6. Nbd2 Be7 7. h3 0-0 8. Bd3 d6 9. 0-0 Nbd7 10. Bh2 a6 11. a4 Qc7 12. Qb1 h6 13. b4 Rfc8 14. Ra2 Qd8 15. Re1 Nd5 16. Qb2 cxb4 17. cxb4 Nc3 18. Raa1 b5 19. axb5 axb5 20. Rxa8 Bxa8 21. Ra1 Na4 22. Qb1 Qb6 23. Qf1 Nc3 24. Ra5 d5 25. Bxb5 Nf6 26. Bd3 Bxb4 27. Ra6 Qd8 28. Be5 Nce4 29. Nb3 Nd7 30. Bf4 Bb7 31. Ra4 Be7 32. Na5 Ba8 33. Ba6 Rc2 34. Be2 Nc3 35. Bd3 Nxa4 36. Bxc2 Qxa5 37. Qa1 Bc6 38. Ne1 Qc3 39. Qb1 Qb2 40. Qd1 Nc3 41. Qd3 Ne4 42. f3 Nef6 43. Qa6 Qc3 44. Qc8+ Nf8 45. Kh2 Qxe1 46. Qxc6 Qb4 47. Be5 N6h7 48. Bd3 f6 49. Bg3 Ng5 0-1

[Event "Wch U18 rapid"]
[Site "Batumi"]
[Date "2023.06.08"]
[Round "11"]
[White "Sahakyan, Aleks"]
[Black "Prisacaru, Stefan Emilian"]
[Result "1-0"]
[WhiteElo "2277"]
[BlackElo "2217"]
[PlyCount "95"]
[EventDate "2023.06.06"]
[EventType "swiss (rapid)"]
[EventRounds "11"]
[EventCountry "GEO"]
[SourceTitle "CBM 214 Extra"]
[Source "ChessBase"]
[SourceDate "2023.07.31"]
[SourceVersion "1"]
[SourceVersionDate "2023.07.31"]
[SourceQuality "1"]

1. e4 g6 2. d4 Bg7 3. Nf3 d6 4. Bc4 Nf6 5. Qe2 0-0 6. 0-0 Bg4 7. Rd1 e6 8. h3 Bxf3 9. Qxf3 d5 10. exd5 exd5 11. Bd3 Re8 12. c4 c6 13. Nc3 dxc4 14. Bxc4 Nbd7 15. Bg5 Qa5 16. Bf4 Nb6 17. Bb3 Nfd5 18. Bd2 Qa6 19. Ne4 Bxd4 20. Bc3 Bxc3 21. bxc3 Re7 22. Re1 Rae8 23. Nf6+ Nxf6 24. Rxe7 Rxe7 25. Qxf6 Qe2 26. Rd1 Nd5 27. Qd4 Re4 28. Qxa7 Nxc3 29. Qxb7 Re7 30. Qb8+ Kg7 31. Rd8 Qe1+ 32. Kh2 Qe5+ 33. Qxe5+ Rxe5 34. Rc8 c5 35. Rc7 Rf5 36. f3 h5 37. Kg3 Ne2+ 38. Kf2 Nd4 39. Bc4 h4 40. a4 Rf4 41. a5 Nc2 42. Rxc5 Nb4 43. a6 Rd4 44. a7 Rd8 45. Rc7 Kh6 46. Bxf7 Nd3+ 47. Ke3 Ne5 48. Bd5 1-0

[Event "Wch U18 rapid"]
[Site "Batumi"]
[Date "2023.06.08"]
[Round "9"]
[White "Vayanos, George Marwan"]
[Black "Prisacaru, Stefan Emilian"]
[Result "0-1"]
[WhiteElo "1857"]
[BlackElo "2217"]
[PlyCount "92"]
[EventDate "2023.06.06"]
[EventType "swiss (rapid)"]
[EventRounds "11"]
[EventCountry "GEO"]
[SourceTitle "CBM 214 Extra"]
[Source "ChessBase"]
[SourceDate "2023.07.31"]
[SourceVersion "1"]
[SourceVersionDate "2023.07.31"]
[SourceQuality "1"]

1. e4 g6 2. d4 Bg7 3. Nf3 d6 4. Bc4 Nf6 5. Qe2 0-0 6. h3 c6 7. Bb3 e5 8. dxe5 dxe5 9. 0-0 Qe7 10. a4 Nbd7 11. c3 b6 12. Nbd2 Nc5 13. Bc2 Ba6 14. c4 Ne6 15. b3 Nh5 16. g3 Qd7 17. Bb2 Nef4 18. gxf4 Nxf4 19. Qd1 Qxh3 20. Ne1 Rad8 21. Bc1 Bc8 22. Qf3 Qh4 23. Bd1 Nh3+ 24. Kg2 Ng5 25. Qg3 Bh3+ 26. Kg1 Qxg3+ 27. fxg3 Bxf1 28. Kxf1 Nxe4 29. Nxe4 Rxd1 30. Ke2 Rd7 31. c5 f5 32. Ng5 e4 33. Rb1 Bf6 34. cxb6 axb6 35. Be3 c5 36. Nh3 Bd4 37. Rd1 Rfd8 38. Bg5 Rc8 39. Nc2 Kg7 40. Be3 Rcd8 41. Bg5 Bf6 42. Rxd7+ Rxd7 43. Be3 Be5 44. Nf4 Kf7 45. a5 bxa5 46. Bxc5 Rc7 0-1

[Event "Wch U18 rapid"]
[Site "Batumi"]
[Date "2023.06.07"]
[Round "7"]
[White "Prisacaru, Stefan Emilian"]
[Black "Dvalishvili, Akaki"]
[Result "1-0"]
[WhiteElo "2217"]
[BlackElo "1372"]
[PlyCount "121"]
[EventDate "2023.06.06"]
[EventType "swiss (rapid)"]
[EventRounds "11"]
[EventCountry "GEO"]
[SourceTitle "CBM 214 Extra"]
[Source "ChessBase"]
[SourceDate "2023.07.31"]
[SourceVersion "1"]
[SourceVersionDate "2023.07.31"]
[SourceQuality "1"]

1. f4 Nf6 2. Nf3 d6 3. g3 g6 4. Bg2 Bg7 5. 0-0 0-0 6. d3 Nbd7 7. e4 e5 8. Nc3 c6 9. h3 Nh5 10. Qe1 Qe7 11. fxe5 dxe5 12. Bg5 f6 13. Be3 Rf7 14. d4 Nb6 15. b3 Bd7 16. Kh2 Raf8 17. Qf2 f5 18. exf5 e4 19. Bg5 Qe8 20. Nh4 gxf5 21. Ne2 Nd5 22. c4 Nb4 23. Rad1 Nd3 24. Qe3 Qe6 25. Nf4 Nhxf4 26. Bxf4 Qf6 27. Rxd3 exd3 28. Nf3 Re8 29. Qxd3 h6 30. Ne5 Rfe7 31. Re1 Bc8 32. Bf3 Rd8 33. Qc3 Bd7 34. Re3 Be8 35. Rd3 Qe6 36. Qa5 b6 37. Qe1 c5 38. d5 Qf6 39. Re3 b5 40. h4 bxc4 41. bxc4 Qa6 42. Qe2 Qf6 43. Kh3 Qb6 44. Nd3 Rxe3 45. Qxe3 Bd4 46. Qe7 Bf6 47. Qxc5 Qxc5 48. Nxc5 Rc8 49. Be3 Be7 50. Nd3 Rxc4 51. d6 Rc3 52. Bd5+ Bf7 53. dxe7 Rc8 54. Nf4 Bxd5 55. Nxd5 Kf7 56. Bxa7 Ke6 57. Ne3 Ra8 58. Bc5 Ke5 59. a4 Ke4 60. Nc4 Kd3 61. Nd6 1-0